000 00565nam a22001817a 4500
005 20251108174818.0
008 250721s2009 xx 000 0 ara d
082 1 4 _a375.3/طلا
100 1 _aطلافحه، حامد
245 1 0 _aمناهج الدراسات الاجتماعية وطرئق تدريسها /
264 1 _aعمان :
_bمطبعة الجامعة الاردنية،
_c2009.
300 _a293ص.
650 1 7 _aالمناهج
650 1 7 _aأساليب التدريس
650 1 7 _aطرق التعليم
942 _2ddc
_cBK
999 _c118708
_d118708